000 00356nam a22001337a 4500
999 _c4129
_d4129
008 200717b ||||| |||| 00| 0 eng d
082 0 0 _a670.285
_bS7954
100 _93399
_aStark, J.
245 1 0 _aPractical CAD/CAM applications /
_cby J. Stark
260 _aNew York
_bMarcel Dekker
_c1986
300 _axii, 253 p.
650 0 _aCAD/CAM Systems
942 _cBK